000
00267nam a22001097a 4500
008
230704b xxu||||| |||| 00| 0 eng d
082
_a
361.9
_b
PEO 1971
245
_a
People Helping People
260
_b
U.S News & World Report
_c
1971
300
_a
235p
942
_2
ddc
_c
BK
999
_c
3954
_d
3954